Medzinárodné porovnanie demografických ukazovateľov v Európe bakalárska práca

Na minha lista:
Detalhes bibliográficos
Autor principal: Andová, Veronika
Autor Corporativo: Fakulta hospodárskej informatiky EU. Katedra štatistiky
Outros Autores: Coss, Soňa
Formato: Livro
Idioma:eslovaco
Publicado em: Bratislava 2010
Tags: Adicionar Tag
Sem tags, seja o primeiro a adicionar uma tag!

MARC

LEADER 00000nbm a2200000 4500
001 0133784
005 20161109111549.0
041 0 |a slo 
044 |a SK 
245 1 0 |a Medzinárodné porovnanie demografických ukazovateľov v Európe  |b bakalárska práca  |c Veronika Andová ; školiteľ: Soňa Coss 
264 1 |a Bratislava  |c 2010 
300 |a 37 s. 
100 1 |a Andová, Veronika 
700 1 |a Coss, Soňa 
710 2 |a Fakulta hospodárskej informatiky EU. Katedra štatistiky